000 00491nam a2200181Ia 4500
005 20250923144335.0
008 008 250917s9999 xx 000 0 eng d
037 _aTextual
040 _aDSWL
_beng
_cDSWL
041 _aeng
_2eng
084 _aU6, H4
_qDSWL
100 _aJones, C.F.
_9823852
245 0 _aEconomic geography
_cby C.F. Jones
260 _aNew York
_b Macmillan
_c1944
300 _a629 p.
942 _cTEXL
_hU6, H4
999 _c1437658
_d1437658